000 00571nam a2200241Ia 4500
003 OSt
005 20220924152139.0
006 a|||||r|||| 00| 0
007 ta
008 220923b |||||||| |||| 00| 0 mar d
020 _c10.00
024 _a341150
037 _cTextual
040 _aARTS
_cARTS
_bmar
041 _2mar
_amar
082 _aO155,3N20,G, L6
100 _aSathe
245 0 _aGuhala
260 _c1976
650 _aMARATHI LITERATURE
_938000
942 _hO155,3N20,G, L6
_cTEXL
_2CC
999 _c468894
_d468894